[Event "Llobregat Garcia Memorial 7th"]
[Site "Llobregat"]
[Date "2016.05.14"]
[Round "6"]
[White "Baeza Labat, Josep Miguel"]
[Black "Ysern Comas, Juan Antonio"]
[Result "1-0"]
[WhiteElo "2006"]
[BlackElo "1952"]
[PlyCount "79"]
[EventDate "2016.04.09"]
[EventType "swiss"]
[EventRounds "9"]
[EventCountry "ESP"]
[SourceTitle "EXT 2017"]
[Source "ChessBase"]
[SourceDate "2016.10.25"]
[SourceVersion "1"]
[SourceVersionDate "2016.10.25"]
[SourceQuality "1"]

1. e4 e5 2. f4 d5 3. Nf3 dxe4 4. Nxe5 Be6 5. Nc3 Nf6 6. Qe2 Qd4 7. Qb5+ Nbd7 8. Qxb7 Rb8 9. Qc6 Bd6 10. Nb5 Qb6 11. Nxd6+ cxd6 12. Qxb6 Rxb6 13. Nxd7 Kxd7 14. Be2 Nd5 15. 0-0 Nb4 16. f5 Bd5 17. c4 Bb7 18. b3 f6 19. Bb2 Re8 20. a3 Nc6 21. b4 Ba8 22. Kf2 Kc7 23. Bc3 Rbb8 24. Ke3 Rbd8 25. b5 Ne5 26. Ba5+ Kd7 27. Bxd8 Rxd8 28. g4 h6 29. a4 Rc8 30. Rac1 Rc5 31. Rc3 Bb7 32. Rf4 Nf7 33. h4 Re5 34. Bf1 Kc7 35. Bg2 Kb6 36. Bxe4 Ka5 37. d4 Re7 38. Kd3 Bxe4+ 39. Rxe4 Rxe4 40. Kxe4 1-0